All Main James Bond Villains - Statistics

General Stats
  • This quiz has been taken 63 times
    34 since last reset
  • The average score is 19 of 29
Answer Stats
Picture Answer % Correct
Dr. No
100%
Auric Goldfinger
93%
Ernst Stavro Blofeld
93%
Ernst Stavro Blofeld
93%
Ernst Stavro Blofeld
93%
Le Chiffre
85%
Francisco Scaramanga
70%
Rosa Klebb
70%
Alec Trevelyan
67%
Hugo Drax
67%
Max Zorin
67%
Elektra King
63%
Emilio Largo
63%
Raoul Silva
63%
Renard
63%
Dominic Greene
59%
Dr. Kananga
59%
Elliot Carver
59%
Lyutsifer Safin
59%
Franz Sanchez
56%
Karl Stromberg
56%
General Koskov
52%
General Orlov
52%
Gustav Graves
52%
Aristotle Kristatos
48%
Brad Whitaker
48%
Franz Oberhauser
48%
Kamal Khan
48%
Tov Kronsteen
48%
No matching quizzes found
Score Distribution
Percent of People with Each Score
Percentile by Number Answered
Your Score History
You have not taken this quiz since the last reset